| 000 | 00749nam a2200217 a 4500 | ||
|---|---|---|---|
| 999 |
_c8590 _d8590 |
||
| 001 | 8590 | ||
| 003 | BD-JhCC | ||
| 005 | 20180227191954.0 | ||
| 008 | 180227b1980 bg |||| ||a| 000 0 ben d | ||
| 035 | _a(BD-JhCC) 8590 | ||
| 040 |
_aBD-JhCC _dBD-JhCC |
||
| 041 | _aben | ||
| 082 |
_a330.917671 _bRAH 1980 |
||
| 100 | _aরহীম, মুহাম্মদ আবদুর | ||
| 245 |
_aইসলামী আর্থনীতি বাস্তবায়ন / _c মুহাম্মদ আবদুর রহীম |
||
| 260 |
_aঢাকা : _bইসলামিক ফাউন্ডেশন বাংলাদেশ , _c1980 |
||
| 300 |
_a99 p .: _c22 cm . |
||
| 650 | _aEconomic Policy, Islamic | ||
| 942 |
_2ddc _cBK |
||